|
|
|
|
| LEADER |
00000nab a2200000uu 4500 |
| 001 |
vtls010895329 |
| 003 |
SK-MaSNL |
| 005 |
20260303141738.0 |
| 008 |
230222|1971 xo |||||||||||||||||cze| |
| 015 |
|
|
|a SNBRB
|
| 035 |
|
|
|a (urnnbn)urn:nbn:sk:snk:ar-006iaf
|
| 035 |
|
|
|a (uuid)4a1728d6-f0bd-4add-aa25-14aec56bb574
|
| 035 |
|
|
|a urn:nbn:sk:snk-ab8o91
|
| 040 |
|
|
|a SNKBUCL
|b slo
|c SNKBUCL
|e AACR2
|
| 041 |
0 |
|
|a cze
|
| 044 |
|
|
|a xo
|c SK
|
| 100 |
1 |
|
|a Kadlčák, Jaroslav
|4 aut
|9 809455
|
| 245 |
1 |
0 |
|a STATICKÉ ŘEŠENÍ GEOMETRICKY NELINEÁRNÍCH A FYSIKÁLNĚ LINEÁRNÍCH LANOVÝCH SÍTÍ
|c Jaroslav Kadlčák
|
| 773 |
0 |
|
|t Stavebnícky časopis : mesačník pre teoretické problémy stavebných látok a konštrukcií
|g Roč. 19, č. 2 (1971), s. 90-120
|
| 958 |
|
|
|a OND
|
| 958 |
|
|
|a EUIPO
|
| 958 |
|
|
|a article10
|
| 999 |
|
|
|c 1978421
|d 1980351
|